000 00505nam a2200205Ia 4500
008 210210b2011 xxu||||| |||| 00| 0 eng d
020 _a9780521541039
041 _aeng
082 _a183.2 MORC
100 _aMORRISON (Donald R) Ed
245 _aCambridge companion to Socrates
260 _aCambridge
_bCambridge University Press
_c2011
300 _axviii-413
650 _ato
650 _aSocrates
650 _acompanion
650 _aCambridge
690 _aPhilosophy
906 _a066188
999 _c146567
_d146567